[Event "South America-ch"]
[Site "Lima"]
[Date "2023.09.20"]
[Round "7"]
[White "Vilca Contreras, Dante Ivan"]
[Black "Chesa Horiuchi, Nikolas Gabriel"]
[Result "1/2-1/2"]
[WhiteElo "1489"]
[BlackElo "1223"]
[PlyCount "75"]
[EventDate "2023.09.14"]
[EventType "swiss"]
[EventRounds "9"]
[EventCountry "PER"]
[SourceTitle "CBM 216 Extra"]
[Source "ChessBase"]
[SourceDate "2023.11.30"]
[SourceVersion "1"]
[SourceVersionDate "2023.11.30"]
[SourceQuality "1"]

1. e4 e6 2. d4 d5 3. Nc3 Bb4 4. e5 c5 5. a3 Bxc3+ 6. bxc3 Qc7 7. Bd2 Ne7 8. Bd3 Nbc6 9. Be3 cxd4 10. cxd4 Qa5+ 11. Qd2 Qxd2+ 12. Kxd2 f5 13. Ne2 h6 14. h4 Kf7 15. h5 Bd7 16. g4 Rhf8 17. gxf5 Nxf5 18. Bxf5 exf5 19. Nf4 Ne7 20. Rhg1 Rac8 21. e6+ Bxe6 22. Rxg7+ Kxg7 23. Nxe6+ Kh7 24. Nxf8+ Rxf8 25. Bf4 Nc6 26. Re1 Rf6 27. Kd3 Kg8 28. Re8+ Kf7 29. Rh8 Kg7 30. Rc8 Re6 31. Be5+ Nxe5+ 32. dxe5 Rxe5 33. Rc7+ Kf6 34. Rxb7 f4 35. Rxa7 Rxh5 36. Kd4 Rh2 37. Kxd5 Rxf2 38. c4 1/2-1/2

[Event "PER-ch"]
[Site "Lima"]
[Date "2023.09.03"]
[Round "9"]
[White "Vidalon, Raul"]
[Black "Chesa Horiuchi, Nikolas Gabriel"]
[Result "0-1"]
[WhiteElo "1570"]
[BlackElo "1209"]
[PlyCount "56"]
[EventDate "2023.08.29"]
[EventType "swiss"]
[EventRounds "9"]
[EventCountry "PER"]
[SourceTitle "CBM 216 Extra"]
[Source "ChessBase"]
[SourceDate "2023.11.30"]
[SourceVersion "1"]
[SourceVersionDate "2023.11.30"]
[SourceQuality "1"]

1. e4 e6 2. d3 d5 3. Nd2 dxe4 4. dxe4 Nc6 5. Ngf3 Bc5 6. g3 Nf6 7. Bg2 0-0 8. 0-0 e5 9. h3 Be6 10. Qe2 Nd7 11. Nb3 Bb6 12. Be3 f6 13. Nh4 Ne7 14. f4 exf4 15. gxf4 Ng6 16. Bxb6 axb6 17. Qf2 Nxh4 18. Qxh4 f5 19. Qe1 fxe4 20. Qxe4 Qf6 21. f5 Bxf5 22. Qc4+ Be6 23. Bd5 Qg5+ 24. Kh2 Bxd5 25. Qe2 Rae8 26. Rxf8+ Nxf8 27. Qf2 Qe5+ 28. Kg1 Re6 0-1